000 00820nas a2200277 4500
001 BR0305966
003 BR-BrBNA
005 20231205104213.0
007 ta
008 230509b bl.|||p| |||| 00| 00por d
040 _aBR-BrBNA
_bpor
_cBiblioteca Nacional de Agricultura
041 _a(En)
072 _aF30
100 1 _aCorte, A.D.
100 1 _aModa-Cirino, V.
100 1 _aScholz, M.B. dos S.
100 1 _aDestro, D.
245 1 _aEnvironment effect on grain quality in early common bean cultivars
650 _aFEIJÃO
650 _aCONDIÇÃO AMBIENTAL
650 _aVARIEDADE
650 _aQUALIDADE
773 0 _tCrop Breeding and Applied Biotechnology (Brazil)
_xISSN 1518-7853
_g(Sep 2003), v. 3(3) p. 193-202
_wBR0305966
909 _a202311
_bLúcia
_c55
_dLúcia Elande
942 _2AGRIS
_n0
_cANA
999 _c176921
_d176921